01420nam a2200277 i 4500001000300000100002200003245008000025246007100105260004600176300003600222490023300258500008900491500003000580504003400610650002400644650005000668650003500718650003900753650005300792830010400845040000800949041001100957080003500968008004101003856009801044bg1 aKORDECKI, Andrzej10aDielektromagnetyki magnetowodów maszyn elektrycznych /cAndrzej Kordecki.11aDielectromagnetic materials of magnetic cores of electric machines aWrocław :bOficyna Wydawnicza PW,c1994. a118 s. :brys., wykr. ;c24 cm.1 aPrace Naukowe Instytutu Układów Elektromaszynowych Politechniki Wrocławskiej. Monografie =aScientific Papers of the Institute of Electric Machine Systems of the Technical University of Wrocław. Monographs,x0137-6284 ;v11 aTyt. równol. : Dielectromagnetic materials of magnetic cores of electric machines. aNumeracja ser. gł. : 44. aBibliogr. s. 109-113. - Summ. 9aDielektrykixfizyka 9aMaszyny elektrycznexurządzeniaxmateriały 9aMateriały magnetycznexfizyka 9aMetalurgia proszkówxzagadnienia 9aModele matematycznexstosowaniexelektrotechnika 0aPrace Naukowe Instytutu Układów Elektromaszynowych Politechniki Wrocławskiej.pMonografie ;v11 cBPK0 aplben a621.313:621.762:537.6/.8:537.2 s pl f |000 0 pol  uhttp://koha.tu.koszalin.pl/cgi-bin/koha/opac-detail.pl?biblionumber=30541yKatalog online BPK